| 000 | 00395nam a2200157Ia 4500 | ||
|---|---|---|---|
| 100 | _aMullet/Gary J | ||
| 650 | _aWireless communications | ||
| 942 | _cBK | ||
| 366 | _f25 | ||
| 654 | _atelecommunication | ||
| 245 | _aIntroduction to wireless telecommunications system and networks | ||
| 260 |
_bCengage Learning _c2006 |
||
| 082 |
_a621.382 _bMUL |
||
| 300 | _a446 | ||
| 546 |
_aENGLISH _cTTL |
||
| 999 |
_c29926 _d29926 |
||